Quick Pick: Movies of 2016 Quiz Stats

Quiz Updated Nov 5, 2017

Challenge
Share
Tweet
Embed
Score 0/20 Timer 01:00
14 Plays Today
% Correct
Land
89.1%
Book
88.9%
Looking
87.9%
Dory
87.4%
See
86.5%
Bourne
85.1%
Beasts
84.2%
Caesar
81.6%
Ridge
81.2%
Pets
80.3%
% Correct
Strange
78.4%
Civil
77.8%
Tarzan
77.2%
Collision
76.5%
Cloverfield
75%
One
75%
Justice
73.9%
Resurgence
65.7%
Apocalypse
63.8%
Beyond
60.5%

Today's Daily Dose

Missing Word
For Dummies Books

Word Ladder
Ariana Grande

Quick Pick
1970s Authors

On This Day
June 21st II

You're not logged in!

Compare scores with friends on all Sporcle quizzes.
Join for Free
OR
Log In

You Might Also Like...

Show Comments

Extras

Top Quizzes Today


Score Distribution

Your Account Isn't Verified!

In order to create a playlist on Sporcle, you need to verify the email address you used during registration. Go to your Sporcle Settings to finish the process.

Report this User

Report this user for behavior that violates our Community Guidelines.

Details: